[Event "International Championship of Central S"]
[Site "Paracin"]
[Date "2014.07.05"]
[Round "3.25"]
[White "Vucinic, Gojko"]
[Black "Stefanov, Emil"]
[Result "1-0"]
[WhiteElo "2313"]
[BlackElo "2061"]
[PlyCount "122"]
[EventDate "2014.07.04"]

1. e4 c5 2. Nf3 Nc6 3. d4 cxd4 4. Nxd4 Nf6 5. Nc3 d6 6. Bg5 Bd7 7. Qd2 h6 8.
Bxf6 gxf6 9. O-O-O Rc8 10. Kb1 Nxd4 11. Qxd4 Qa5 12. f4 Qc5 13. Qd3 a6 14. Be2
e5 15. f5 h5 16. Nd5 Bc6 17. h4 Rh6 18. Bf3 b5 19. Qe2 Bxd5 20. Rxd5 Qc4 21. c3
Be7 22. Rhd1 Qxe2 23. Bxe2 Rc6 24. a4 bxa4 25. Ra5 Bd8 26. Rxa4 Ke7 27. Bxa6
Bb6 28. Bb5 Rc5 29. Be2 Ra5 30. Rxa5 Bxa5 31. Rd5 Bc7 32. Rb5 Rh7 33. Rb7 Kd8
34. b4 Rg7 35. Bf3 Kc8 36. Ra7 Kb8 37. Ra2 Rh7 38. Kb2 Bb6 39. Kb3 Kb7 40. Kc4
Kc6 41. Ra8 Bf2 42. b5+ Kb7 43. Ra6 Bb6 44. Kd5 Kc7 45. Ra8 Bf2 46. c4 Bc5 47.
Bd1 Be3 48. Ba4 Bf2 49. Re8 Bc5 50. Re7+ Kb6 51. Bd1 Bb4 52. Be2 Bc5 53. Rd7
Bb4 54. Rxd6+ Bxd6 55. Kxd6 Rh8 56. c5+ Kb7 57. Kd7 Ra8 58. Bxh5 Ra5 59. Bxf7
Rxb5 60. Bd5+ Kb8 61. c6 Rc5 1-0

[Event "International Championship of Central S"]
[Site "Paracin"]
[Date "2014.07.05"]
[Round "3.26"]
[White "Jovanovic, Bojan P"]
[Black "Soilemetzidis, Konstantinos"]
[Result "1-0"]
[WhiteElo "2307"]
[BlackElo "1909"]
[PlyCount "83"]
[EventDate "2014.07.04"]

1. d4 g6 2. c4 Bg7 3. Nc3 d6 4. Nf3 e5 5. d5 Ne7 6. h4 h6 7. e4 Bg4 8. Be2 a5
9. Be3 Na6 10. Qa4+ Bd7 11. Qxa5 b6 12. Qa3 f5 13. Qb3 O-O 14. Qc2 fxe4 15.
Nxe4 Nf5 16. Bd2 Qe7 17. Bd3 Rae8 18. O-O-O Nc5 19. Nxc5 bxc5 20. Be4 Ra8 21.
b3 Qf6 22. g4 Nd4 23. Nxd4 exd4 24. g5 d3 25. gxf6 dxc2 26. Rdg1 Rxf6 27. Bc3
Rf7 28. Rxg6 Kf8 29. Bxg7+ Rxg7 30. Rxg7 Kxg7 31. a4 Rf8 32. f3 Rf4 33. Kxc2
Bf5 34. Bxf5 Rxf5 35. Rh3 Kf6 36. Rg3 Kf7 37. a5 Re5 38. a6 Re2+ 39. Kb1 Re8
40. h5 Ra8 41. Rg6 Rxa6 42. Rxh6 1-0

[Event "International Championship of Central S"]
[Site "Paracin"]
[Date "2014.07.05"]
[Round "3.27"]
[White "Drogovoz, Irina"]
[Black "Rakic, Marija"]
[Result "0-1"]
[WhiteElo "2073"]
[BlackElo "2306"]
[PlyCount "180"]
[EventDate "2014.07.04"]

1. d4 Nf6 2. Nf3 e6 3. c4 b6 4. g3 Ba6 5. Qa4 Be7 6. Bg2 Bb7 7. O-O O-O 8. Nc3
c5 9. dxc5 bxc5 10. Rd1 Qb6 11. Qb3 d6 12. Bf4 Rd8 13. Rd2 Nc6 14. Qxb6 axb6
15. Rad1 Ne8 16. b3 Rab8 17. Nb5 e5 18. Be3 Nd4 19. Nc3 Nc7 20. Ne1 Bxg2 21.
Kxg2 f5 22. f3 b5 23. cxb5 Ndxb5 24. Nxb5 Nxb5 25. Nd3 Nc3 26. Rf1 Ra8 27. Nc1
d5 28. Rc2 d4 29. Bd2 Nb1 30. Nd3 Nxd2 31. Rxd2 e4 32. Ne5 Bf6 33. Nc4 Ra6 34.
fxe4 fxe4 35. Rf5 Rc6 36. h4 h6 37. Rf4 Re8 38. Rf1 Ra8 39. a4 Rb8 40. Rf4 Re6
41. Rf5 Be7 42. Rb2 Bf6 43. Rxc5 d3 44. Rb1 Bc3 45. e3 Rf6 46. a5 Rbf8 47. b4
Rf2+ 48. Kh3 d2 49. Rd5 Re2 50. a6 Re1 51. Nxd2 Bxd2 52. Rxe1 Bxe1 53. b5 Bf2
54. Re5 Bxe3 55. Rxe4 Bb6 56. Re7 Rb8 57. Re5 Kf7 58. Kg4 Kf6 59. Re1 Bd4 60.
Rb1 Ke5 61. Kh5 Kf6 62. Rf1+ Ke7 63. Rb1 Kf7 64. Rb3 g6+ 65. Kg4 Ke6 66. Rb1
Bf2 67. Kf3 Ba7 68. Kg4 Rb6 69. Rb2 Rd6 70. Kf3 Kd7 71. Rc2 Rd3+ 72. Kg4 Bb8
73. Rg2 Rb3 74. h5 g5 75. Ra2 Ke6 76. Re2+ Kd7 77. Ra2 Ba7 78. Rd2+ Ke6 79. Rc2
Rb4+ 80. Kh3 Rxb5 81. Rc6+ Kf5 82. g4+ Ke5 83. Rxh6 Rb3+ 84. Kg2 Kf4 85. Rf6+
Kxg4 86. h6 Bd4 87. Rf7 Ra3 88. Rc7 Rxa6 89. Rc4 Ra2+ 90. Kf1 Kf3 0-1

[Event "International Championship of Central S"]
[Site "Paracin"]
[Date "2014.07.05"]
[Round "3.28"]
[White "Pikula, Dejan"]
[Black "Lazov, Toni"]
[Result "1-0"]
[WhiteElo "2491"]
[BlackElo "2001"]
[PlyCount "49"]
[EventDate "2014.07.04"]

1. e4 c5 2. Nf3 d6 3. Bb5+ Nd7 4. O-O a6 5. Bd3 g6 6. c3 Bg7 7. Bc2 e5 8. d4
Ne7 9. a4 O-O 10. Na3 b5 11. Bg5 Rb8 12. Qd2 Re8 13. dxe5 dxe5 14. axb5 axb5
15. c4 f6 16. Be3 b4 17. Nb5 Qb6 18. Rfd1 Bf8 19. Nd6 Rd8 20. Ba4 Bb7 21. Nxb7
Rxb7 22. Bb5 Qe6 23. Ra6 Qg4 24. Rd6 Qxe4 25. Bxd7 1-0

[Event "International Championship of Central S"]
[Site "Paracin"]
[Date "2014.07.05"]
[Round "3.29"]
[White "Popchev, Milko"]
[Black "Todorovic, Nenad I"]
[Result "0-1"]
[WhiteElo "2331"]
[BlackElo "2173"]
[PlyCount "58"]
[EventDate "2014.07.04"]

1. d4 Nf6 2. Nf3 e6 3. e3 c5 4. Bd3 Nc6 5. O-O d5 6. b3 Bd6 7. Bb2 O-O 8. a3 b6
9. Ne5 Bb7 10. Nd2 Ne7 11. dxc5 bxc5 12. c4 Qc7 13. f4 Ng6 14. Nxg6 hxg6 15.
Nf3 d4 16. Qe2 Bxf3 17. Rxf3 e5 18. fxe5 Bxe5 19. Rh3 dxe3 20. Bxe5 Qxe5 21.
Re1 Rab8 22. Bc2 Qb2 23. Rxe3 Qxa3 24. Qf3 Qb2 25. R3e2 Qd4+ 26. Kh1 Rfe8 27.
Rxe8+ Rxe8 28. Rxe8+ Nxe8 29. h3 Qa1+ 0-1

[Event "International Championship of Central S"]
[Site "Paracin"]
[Date "2014.07.05"]
[Round "3.30"]
[White "Carnic, Srdjan"]
[Black "Djordjevic, Gradimir"]
[Result "1-0"]
[WhiteElo "2324"]
[BlackElo "2160"]
[PlyCount "61"]
[EventDate "2014.07.04"]

1. d4 d5 2. c4 e6 3. Nf3 Nf6 4. g3 Nbd7 5. Bg2 c6 6. Nbd2 Bd6 7. O-O O-O 8. Qc2
Re8 9. b3 Qe7 10. Re1 Ba3 11. e4 dxe4 12. Nxe4 Bxc1 13. Raxc1 Nxe4 14. Qxe4 Nf6
15. Qc2 Qa3 16. Ne5 a5 17. Rb1 Rd8 18. Red1 Bd7 19. c5 Nd5 20. Nc4 Qb4 21. a3
Qb5 22. Bf1 Qa6 23. Nb6 Qa7 24. Nxa8 Qxa8 25. Ra1 Qb8 26. Qb2 b6 27. b4 bxc5
28. dxc5 axb4 29. axb4 Qxb4 30. Qxb4 Nxb4 31. Rxd7 1-0

[Event "International Championship of Central S"]
[Site "Paracin"]
[Date "2014.07.05"]
[Round "3.31"]
[White "Sarenac, David"]
[Black "Radovic, Janko"]
[Result "1-0"]
[WhiteElo "2304"]
[BlackElo "2150"]
[PlyCount "51"]
[EventDate "2014.07.04"]

1. e4 c5 2. Nf3 d6 3. d4 cxd4 4. Nxd4 Nf6 5. Nc3 a6 6. Rg1 e6 7. g4 d5 8. exd5
Nxd5 9. Nxd5 Qxd5 10. Bg2 Qe5+ 11. Be3 Qxh2 12. Nf3 Qd6 13. Qe2 Nc6 14. Nd2 Nd4
15. Qd3 Nc6 16. Qc3 Bd7 17. O-O-O Nb4 18. Qb3 Rc8 19. Bxb7 Rxc2+ 20. Kb1 Qe5
21. Nc4 Qb8 22. Be4 Re2 23. Rxd7 Rxe3 24. Qxe3 Kxd7 25. Nb6+ Ke8 26. a3 1-0

[Event "International Championship of Central S"]
[Site "Paracin"]
[Date "2014.07.05"]
[Round "3.32"]
[White "Mrsic, Robert"]
[Black "Dezelin, Milan"]
[Result "1/2-1/2"]
[WhiteElo "2134"]
[BlackElo "2298"]
[PlyCount "45"]
[EventDate "2014.07.04"]

1. e4 c5 2. Nf3 Nc6 3. Bb5 g6 4. O-O Bg7 5. Re1 Nf6 6. e5 Nd5 7. Nc3 Nc7 8.
Bxc6 dxc6 9. Ne4 Ne6 10. d3 O-O 11. Be3 b6 12. Qd2 Re8 13. Bh6 Bh8 14. Neg5 f6
15. Nxe6 Bxe6 16. Re3 Qd5 17. Rae1 Rad8 18. b3 Bg4 19. exf6 Bxf6 20. Ne5 Bf5
21. Qe2 Rd6 22. Nc4 Rdd8 23. Ne5 1/2-1/2

[Event "International Championship of Central S"]
[Site "Paracin"]
[Date "2014.07.05"]
[Round "3.33"]
[White "Vojinovic, Jovana"]
[Black "Kuzmanovic, Slobodan"]
[Result "1-0"]
[WhiteElo "2297"]
[BlackElo "2120"]
[PlyCount "99"]
[EventDate "2014.07.04"]

1. d4 Nf6 2. c4 g6 3. Nc3 Bg7 4. e4 d6 5. Be2 O-O 6. Be3 e5 7. d5 Na6 8. g4 c5
9. h4 Nc7 10. h5 a6 11. a4 Bd7 12. g5 Nfe8 13. a5 Rb8 14. Nf3 b6 15. axb6 Rxb6
16. b3 Qb8 17. Ra3 Qb7 18. Nh4 a5 19. Kf1 Na6 20. Kg2 Nec7 21. Nf3 Nb4 22. Rxa5
Ra8 23. Rxa8+ Qxa8 24. Nd2 Ra6 25. Qb1 Qd8 26. Nf1 Bf8 27. Qb2 Be7 28. Qd2 Ra3
29. Bd1 Ne8 30. hxg6 fxg6 31. Nh2 Qc8 32. Qb2 Ra7 33. Qe2 Qd8 34. Qd2 Qc8 35.
Na4 Ra6 36. Rg1 Bf8 37. Kh1 Bg7 38. Bg4 Bxg4 39. Nxg4 Qd8 40. Kg2 Ra7 41. Qe2
Rf7 42. Ra1 Rf4 43. Bxf4 exf4 44. e5 Qxg5 45. exd6 Bxa1 46. Qxe8+ Kg7 47. Qd7+
Kg8 48. Nxc5 h5 49. Qe8+ Kh7 50. Qe7+ 1-0

[Event "International Championship of Central S"]
[Site "Paracin"]
[Date "2014.07.05"]
[Round "3.34"]
[White "Brkic, Toma"]
[Black "Ratkovic, Milovan"]
[Result "0-1"]
[WhiteElo "2111"]
[BlackElo "2295"]
[PlyCount "114"]
[EventDate "2014.07.04"]

1. e4 c6 2. d4 d5 3. Nc3 dxe4 4. Nxe4 Nf6 5. Nxf6+ gxf6 6. Nf3 Bf5 7. Bd3 e6 8.
Qe2 Bxd3 9. Qxd3 Nd7 10. Bf4 Qa5+ 11. Bd2 Qc7 12. O-O-O O-O-O 13. Qe2 Be7 14.
Kb1 Nb6 15. Ba5 Rd5 16. Qe1 Rb5 17. b3 Qd6 18. Ka1 Qa3 19. Bc3 Nd5 20. Bb2 Qa6
21. Qe2 Ba3 22. c3 Rxb3 23. Qxa6 Bxb2+ 24. Kb1 Bxc3+ 25. axb3 bxa6 26. Kc2 Kd7
27. Nd2 Bxd4 28. Ne4 c5 29. Rhf1 Ke7 30. Nd2 Rb8 31. Nc4 f5 32. g3 Rb5 33. Rb1
Nb4+ 34. Kd2 Rb8 35. Ke2 Nd5 36. Kd3 Nc3 37. Na5 Kd7 38. Ra1 Rb5 39. Kc2 Nd5
40. Ra4 Nb4+ 41. Kd2 e5 42. f3 Ke6 43. Re1 Nd5 44. Kc2 Bc3 45. Rea1 Bxa1 46.
Rxa1 Rb6 47. Nc4 Rc6 48. Re1 f6 49. g4 fxg4 50. fxg4 Nb6 51. Ne3 c4 52. b4 Nd5
53. Nf5 Nxb4+ 54. Kd2 c3+ 55. Kd1 Kf7 56. Ne3 c2+ 57. Kd2 Nd3 0-1

[Event "International Championship of Central S"]
[Site "Paracin"]
[Date "2014.07.05"]
[Round "3.35"]
[White "Nielsen, Rogvi Egilstoft"]
[Black "Visanescu, Daria-Ioana"]
[Result "1-0"]
[WhiteElo "2288"]
[BlackElo "2090"]
[PlyCount "109"]
[EventDate "2014.07.04"]

1. e4 c5 2. c3 Nf6 3. e5 Nd5 4. Nf3 e6 5. Bc4 d6 6. d4 cxd4 7. cxd4 Nc6 8. O-O
Be7 9. a3 O-O 10. Qe2 Qb6 11. Qe4 dxe5 12. dxe5 Rd8 13. b4 Bd7 14. Rd1 Be8 15.
Bd3 g6 16. h4 a5 17. b5 Nb8 18. a4 Nd7 19. Qe2 Rac8 20. h5 Nc5 21. hxg6 hxg6
22. Bc4 Qc7 23. Bd2 Rd7 24. Bxd5 Rxd5 25. Nc3 Rd7 26. Be1 b6 27. Rxd7 Bxd7 28.
Rd1 Rd8 29. Nd4 Kg7 30. Bd2 Rh8 31. Rc1 Qb7 32. Be3 Rh5 33. f4 Qa8 34. Qg4 Qh8
35. Rd1 Rh4 36. Qf3 Rh1+ 37. Kf2 Rxd1 38. Qxd1 Qh4+ 39. Kg1 Qg3 40. Nf3 Bc8 41.
Ne2 Qg4 42. Ned4 Bb7 43. Nc6 Bf8 44. Qc2 Qg3 45. Kf1 Qg4 46. Kf2 Qh5 47. Kg1
Qg4 48. Kf2 Qh5 49. Kg1 Qg4 50. Qd1 Qf5 51. Qd8 Qb1+ 52. Kh2 Qf5 53. Qxb6 Bxc6
54. bxc6 Qh5+ 55. Kg1 1-0

[Event "International Championship of Central S"]
[Site "Paracin"]
[Date "2014.07.05"]
[Round "3.36"]
[White "Mazet, Julien"]
[Black "Dimic, Pavle"]
[Result "1/2-1/2"]
[WhiteElo "2083"]
[BlackElo "2261"]
[PlyCount "57"]
[EventDate "2014.07.04"]

1. d4 Nf6 2. Nf3 g6 3. c4 Bg7 4. Nc3 d6 5. g3 O-O 6. Bg2 Nc6 7. O-O Rb8 8. b3
a6 9. Bb2 b5 10. cxb5 axb5 11. d5 Na5 12. Nd4 b4 13. Nb1 Bd7 14. Nd2 e6 15. e4
e5 16. Nc2 c6 17. dxc6 Bxc6 18. Ne3 Bb5 19. Re1 Qb6 20. Bf1 Bxf1 21. Kxf1 Qb7
22. Qf3 Rfe8 23. Nec4 Nxc4 24. Nxc4 Rbd8 25. Kg1 d5 26. exd5 e4 27. Qe2 Nxd5
28. Bxg7 Kxg7 29. Qc2 1/2-1/2

[Event "International Championship of Central S"]
[Site "Paracin"]
[Date "2014.07.05"]
[Round "3.37"]
[White "Manelidou, Maria"]
[Black "Jovanovic, Aleksandar D"]
[Result "0-1"]
[WhiteElo "2071"]
[BlackElo "2234"]
[PlyCount "32"]
[EventDate "2014.07.04"]

1. e4 e6 2. d4 d5 3. exd5 exd5 4. Bd3 Nc6 5. c3 Bd6 6. Ne2 Qh4 7. g3 Qh3 8. Bf4
Qg2 9. Rg1 Qxh2 10. Bxd6 cxd6 11. Nd2 Bg4 12. Nf1 Qxg1 13. Qb3 Bxe2 14. Kxe2
O-O-O 15. Re1 Nf6 16. Qd1 Qh1 0-1

[Event "International Championship of Central S"]
[Site "Paracin"]
[Date "2014.07.05"]
[Round "3.38"]
[White "Popovic, Djordje D"]
[Black "Jandric, Damjan"]
[Result "1-0"]
[WhiteElo "2208"]
[BlackElo "2060"]
[PlyCount "33"]
[EventDate "2014.07.04"]

1. d4 Nf6 2. c4 g6 3. Nc3 Bg7 4. e4 d6 5. Nf3 O-O 6. Be2 e5 7. O-O Qe8 8. dxe5
dxe5 9. Be3 b6 10. Nd2 c6 11. b4 Bb7 12. c5 b5 13. Nb3 Na6 14. Na5 Qc8 15. a4
bxa4 16. Qxa4 Rd8 17. Nxb7 1-0

[Event "International Championship of Central S"]
[Site "Paracin"]
[Date "2014.07.05"]
[Round "3.39"]
[White "Stojkovska, Monika"]
[Black "Bernard, Jacques"]
[Result "0-1"]
[WhiteElo "2040"]
[BlackElo "2198"]
[PlyCount "54"]
[EventDate "2014.07.04"]

1. e4 c5 2. Nf3 e6 3. d4 cxd4 4. Nxd4 Nf6 5. Nc3 Nc6 6. Ndb5 d6 7. Bf4 e5 8.
Bg5 a6 9. Na3 b5 10. Nd5 Be7 11. Bxf6 Bxf6 12. c3 Bb7 13. Nc2 Nb8 14. Nce3 O-O
15. Nf5 Nd7 16. Nxd6 Bxd5 17. Qxd5 Qc7 18. Nxf7 Nb6 19. Nh6+ Kh8 20. Qd3 Rad8
21. Qe3 gxh6 22. Qxh6 Qc5 23. f3 Na4 24. Rb1 Nxb2 25. Rxb2 Qxc3+ 26. Rd2 Bg7
27. Qg5 h6 0-1

[Event "International Championship of Central S"]
[Site "Paracin"]
[Date "2014.07.05"]
[Round "3.40"]
[White "Mulenko, Alexander"]
[Black "Persson, Richard"]
[Result "1-0"]
[WhiteElo "2000"]
[BlackElo "2192"]
[PlyCount "91"]
[EventDate "2014.07.04"]

1. Nf3 d5 2. d4 e6 3. c4 c6 4. g3 dxc4 5. Bg2 b5 6. O-O Nf6 7. a4 Bb7 8. Ne5
Nd5 9. b3 cxb3 10. Qxb3 a6 11. Ba3 b4 12. e4 Nf6 13. Rd1 a5 14. Bb2 Be7 15. Nd2
O-O 16. Rac1 Qb6 17. Qc2 Rc8 18. Nb3 Nbd7 19. Nd3 Qa7 20. Ndc5 Nxc5 21. Nxc5
Rab8 22. h3 Ba8 23. Qb3 Bf8 24. Rc2 Nd7 25. Qe3 Nxc5 26. dxc5 Rd8 27. Rdc1 Rd7
28. h4 Rbd8 29. Kh2 Rd3 30. Qf4 f6 31. e5 f5 32. g4 Qf7 33. Bf1 Rd1 34. Rxd1
Rxd1 35. Be2 Rd8 36. gxf5 Qxf5 37. Qxf5 exf5 38. Bc4+ Kh8 39. Bf7 Bb7 40. e6
Be7 41. h5 h6 42. f4 Rd3 43. Rg2 Rc3 44. Bxc3 bxc3 45. Rc2 Bf6 46. Rxc3 1-0

[Event "International Championship of Central S"]
[Site "Paracin"]
[Date "2014.07.05"]
[Round "3.41"]
[White "Drogovoz, Maria"]
[Black "Todic, Zoran"]
[Result "0-1"]
[WhiteElo "1952"]
[BlackElo "2267"]
[PlyCount "124"]
[EventDate "2014.07.04"]

1. e4 e5 2. Nf3 d6 3. d4 Nc6 4. Bb5 exd4 5. Nxd4 Bd7 6. Bxc6 bxc6 7. O-O g6 8.
e5 dxe5 9. Re1 f6 10. Qf3 c5 11. Nc6 Bxc6 12. Qxc6+ Kf7 13. Nc3 Bd6 14. Qd5+
Kg7 15. Be3 Ne7 16. Qc4 Qg8 17. Qxg8+ Rhxg8 18. Rad1 Rgd8 19. Ne4 c4 20. Nd2 c3
21. bxc3 Nd5 22. Ne4 Be7 23. Rd3 Nxe3 24. fxe3 f5 25. Ng3 Bc5 26. Kf1 e4 27.
Rxd8 Rxd8 28. Ke2 Rb8 29. Kd2 Bd6 30. Ne2 Rd8 31. Rb1 Bxh2+ 32. Ke1 Be5 33. Rb5
Kf6 34. Ra5 Ra8 35. Ra6+ Ke7 36. Nd4 Kd7 37. Kd2 Bd6 38. c4 Bb4+ 39. c3 Bc5 40.
Nb3 Bd6 41. c5 Be7 42. c6+ Kd6 43. Nd4 Bd8 44. Kc2 h5 45. Kd2 Rb8 46. Kc2 Bf6
47. Rxa7 Bxd4 48. cxd4 Kxc6 49. Ra6+ Rb6 50. Ra5 h4 51. Rc5+ Kd6 52. Ra5 Kc6
53. Kd1 Kb7 54. Ke1 Ra6 55. Rb5+ Kc6 56. Rc5+ Kd6 57. Rc2 Ra3 58. Kf2 g5 59.
Ke2 f4 60. exf4 gxf4 61. Kf1 h3 62. Rf2 h2 0-1

[Event "International Championship of Central S"]
[Site "Paracin"]
[Date "2014.07.05"]
[Round "3.42"]
[White "Zlatanovic, Zoran"]
[Black "Tisma, Ivan"]
[Result "0-1"]
[WhiteElo "2188"]
[BlackElo "2095"]
[PlyCount "134"]
[EventDate "2014.07.04"]

1. e4 c5 2. Nf3 d6 3. d3 Nc6 4. g3 g6 5. Bg2 Bg7 6. O-O e5 7. c3 Nge7 8. a3 O-O
9. b4 a6 10. Bb2 h6 11. Nbd2 b6 12. Nc4 Be6 13. Qe2 Qc7 14. Ne3 Rab8 15. Nh4
Qd7 16. Nd5 Bh3 17. Nxe7+ Nxe7 18. d4 Bxg2 19. Nxg2 Qb7 20. d5 f5 21. f3 Rbc8
22. c4 b5 23. cxb5 axb5 24. bxc5 Rxc5 25. Rad1 Qa7 26. Kh1 Qa4 27. Rd2 fxe4 28.
f4 Qc4 29. Qf2 Rxd5 30. Rc2 Qa4 31. Rc7 Nf5 32. g4 Nd4 33. Qh4 Ne6 34. Rcc1 Qa7
35. fxe5 dxe5 36. Rxf8+ Nxf8 37. g5 hxg5 38. Qxe4 Rc5 39. Rf1 Qd7 40. Bc1 Rc4
41. Qf3 g4 42. Qb3 Kh7 43. Qg3 Ne6 44. Bb2 Nd4 45. Qh4+ Kg8 46. Qg5 Nf3 47.
Qxg6 Rc6 48. Qe4 Rh6 49. Qa8+ Bf8 50. h4 Qd3 51. Rg1 Nxg1 52. Kxg1 Qb1+ 53. Kh2
Qxb2 54. Qd8 Qd4 55. Qg5+ Bg7 56. Qf5 Rc6 57. h5 Qc4 58. Qg5 Qe6 59. Qd2 Qf5
60. Qd5+ Re6 61. Qxb5 Qxh5+ 62. Kg1 g3 63. Qd5 Qf7 64. Qc4 Re8 65. Qd3 Qf2+ 66.
Kh1 Rf8 67. Qc4+ Qf7 0-1

[Event "International Championship of Central S"]
[Site "Paracin"]
[Date "2014.07.05"]
[Round "3.43"]
[White "Djokic, Nebojsa"]
[Black "Marjanovics, Annamaria"]
[Result "1/2-1/2"]
[WhiteElo "2186"]
[BlackElo "2051"]
[PlyCount "90"]
[EventDate "2014.07.04"]

1. e4 e5 2. Nf3 Nc6 3. Bb5 a6 4. Ba4 Nf6 5. d3 d6 6. c3 g6 7. Nbd2 Bg7 8. Nf1
O-O 9. Ng3 b5 10. Bb3 Na5 11. Bc2 c5 12. O-O Nc6 13. a4 Bb7 14. Bg5 h6 15. Be3
Qe7 16. h3 d5 17. Nh2 Rfd8 18. Ng4 Nxg4 19. Qxg4 d4 20. cxd4 Nxd4 21. Bxd4 Rxd4
22. axb5 axb5 23. Rxa8+ Bxa8 24. Qc8+ Rd8 25. Qa6 Qd7 26. Ra1 Rc8 27. Ra5 Bc6
28. Ne2 Qd8 29. Ra3 b4 30. Ra2 Ra8 31. Qc4 Rxa2 32. Qxa2 Qa8 33. Qxa8+ Bxa8 34.
Bb3 Kf8 35. Bc4 Bc6 36. Nc1 Ba4 37. b3 Bd7 38. Ne2 Ke7 39. Ng3 Bf6 40. Nf1 Bg5
41. Kh2 Bc1 42. g3 f5 43. f3 Kf6 44. Kg2 Bc8 45. h4 h5 1/2-1/2

[Event "International Championship of Central S"]
[Site "Paracin"]
[Date "2014.07.05"]
[Round "3.44"]
[White "Tscharotschkin, Michael"]
[Black "Tomic, Aleksandar"]
[Result "1-0"]
[WhiteElo "2179"]
[BlackElo "2019"]
[PlyCount "59"]
[EventDate "2014.07.04"]

1. b3 Nf6 2. Bb2 d5 3. e3 g6 4. d4 Bg7 5. Bd3 O-O 6. Nf3 a5 7. O-O Bg4 8. h3
Bxf3 9. Qxf3 Nc6 10. Qe2 a4 11. Bb5 axb3 12. axb3 Rxa1 13. Bxa1 Na7 14. Bd3 Re8
15. Nd2 c5 16. dxc5 Qa5 17. Bd4 e5 18. Ra1 Qc7 19. Bxe5 Qxe5 20. Rxa7 d4 21.
Nc4 Qb8 22. Ra4 Nd5 23. Qf3 dxe3 24. Nd6 Re5 25. Qxf7+ Kh8 26. fxe3 Nf6 27.
Qxb7 Qxb7 28. Nxb7 Bh6 29. e4 Be3+ 30. Kf1 1-0